Trouve le pilote de F1 (lettre C) - Statistiques

Statistiques générales
  • Ce quiz a été pris 31 fois
  • Le résultat moyen est 2 sur 7
Statistiques - réponses
Par images Réponse % Correct
Jim Clark
83%
David Coulthard
75%
François Cevert
46%
Max Chilton
25%
Ivan Capelli
13%
Peter Collins
4%
Eddie Cheever
0%
Aucun quiz correspondant
Distribution des résultats
% des personnes avec chaque résultat
Percentile par nombre de réponses
Votre historique - résultats
Vous n’avez pas pris ce quiz